Samakalin Hindi Kavita Me Vakat Samajik-Rajnitik Vayang ka Adhyan (Record no. 821742)

MARC details
000 -LEADER
fixed length control field 00630nam a2200217Ia 4500
008 - FIXED-LENGTH DATA ELEMENTS--GENERAL INFORMATION
fixed length control field 101110s9999 xx 000 0 und d
041 ## - LANGUAGE CODE
Language code of text/sound track or separate title HINDI
082 ## - DEWEY DECIMAL CLASSIFICATION NUMBER
Item number SR29231
100 ## - MAIN ENTRY--PERSONAL NAME
Personal name Satyawati, V.
245 ## - TITLE STATEMENT
Title Samakalin Hindi Kavita Me Vakat Samajik-Rajnitik Vayang ka Adhyan
260 ## - PUBLICATION, DISTRIBUTION, ETC. (IMPRINT)
Date of publication, distribution, etc 2005
Name of publisher, distributor, etc Jawaher Pustkalaya Mathura
300 ## - PHYSICAL DESCRIPTION
Extent 232
365 ## - TRADE PRICE
Price amount 250
520 ## - SUMMARY, ETC.
Summary, etc Hindi
546 ## - LANGUAGE NOTE
Language note HINDI
630 ## - SUBJECT ADDED ENTRY--UNIFORM TITLE
Uniform title Samakalin Hindi Kavita Me Vakat Samajik-Rajnitik Vayang ka Adhyan
650 ## - SUBJECT ADDED ENTRY--TOPICAL TERM
Topical term or geographic name as entry element Hindi
655 ## - INDEX TERM--GENRE/FORM
Genre/form data or focus term Hindi
730 ## - ADDED ENTRY--UNIFORM TITLE
Uniform title Samakalin Hindi Kavita Me Vakat Samajik-Rajnitik Vayang ka Adhyan
942 ## - ADDED ENTRY ELEMENTS (KOHA)
Koha item type Book
Holdings
Withdrawn status Lost status Damaged status Not for loan Home library Current library Shelving location Date acquired Source of acquisition Cost, normal purchase price Shelving control number Total Checkouts Barcode Date last seen Price effective from Koha item type
        D. B. J. College, Chiplun D. B. J. College, Chiplun     Subham Publication, Kanpur. Bill No.033/06-07 Dt.10/8/06 250.00     DBJSR29231 11/11/2010 11/11/2010 Book